[Event "BCF-chT 0405 (4NCL)"]
[Site "West Bromwich"]
[Date "2005.05.01"]
[Round "10.6"]
[White "Evans Quek, Suan Shiau"]
[Black "Pert, Richard G"]
[Result "0-1"]
[WhiteElo "2295"]
[BlackElo "2407"]
[PlyCount "92"]
[EventDate "2004.09.18"]
[EventType "team"]
[EventRounds "11"]
[EventCountry "ENG"]
[SourceTitle "EXT 2006"]
[Source "ChessBase"]
[SourceDate "2005.11.24"]
[SourceVersion "1"]
[SourceVersionDate "2005.11.24"]
[SourceQuality "1"]
[WhiteTeam "Warwicks Select"]
[BlackTeam "Wood Green II"]
[WhiteTeamCountry "ENG"]
[BlackTeamCountry "ENG"]

1. g3 d5 2. Bg2 Nf6 3. d3 e5 4. Nf3 Nc6 5. c4 Be7 6. cxd5 Nxd5 7. Nc3 Nb6 8. Be3 0-0 9. 0-0 Bg4 10. Rc1 Re8 11. a3 Bf8 12. b4 a5 13. h3 Bh5 14. b5 Nd4 15. g4 Bg6 16. a4 Ba3 17. Rb1 Bb4 18. Bd2 h5 19. Ne1 hxg4 20. hxg4 Rb8 21. Ne4 Bxd2 22. Qxd2 Qh4 23. e3 Bxe4 24. dxe4 Ne6 25. f3 Rbd8 26. Qc2 Qg3 27. Rf2 Rd6 28. Rd1 Red8 29. Rxd6 Rxd6 30. Kf1 Qh4 31. f4 Nd7 32. f5 Nec5 33. Bf3 Qh3+ 34. Kg1 Qg3+ 35. Kf1 Rh6 36. Nd3 b6 37. Nxc5 Nxc5 38. g5 Qxg5 39. Qd2 Rd6 40. Qc3 Qg3 41. Ke2 Rh6 42. Rg2 Rh2 43. Rxh2 Qxh2+ 44. Kf1 Kf8 45. Bg2 Qh4 46. Qxe5 Nd3 0-1

[Event "BCF-chT 0405 (4NCL)"]
[Site "West Bromwich"]
[Date "2005.01.23"]
[Round "6.5"]
[White "Webb, Laurence"]
[Black "Evans Quek, Suan Shiau"]
[Result "1-0"]
[WhiteElo "2336"]
[BlackElo "2295"]
[PlyCount "78"]
[EventDate "2004.09.18"]
[EventType "team"]
[EventRounds "11"]
[EventCountry "ENG"]
[SourceTitle "EXT 2006"]
[Source "ChessBase"]
[SourceDate "2005.11.24"]
[SourceVersion "1"]
[SourceVersionDate "2005.11.24"]
[SourceQuality "1"]
[WhiteTeam "Richmond"]
[BlackTeam "Warwicks Select"]
[WhiteTeamCountry "ENG"]
[BlackTeamCountry "ENG"]

1. e4 d6 2. d4 Nf6 3. Nc3 g6 4. Nf3 Bg7 5. Be3 0-0 6. Qd2 Nc6 7. h3 a6 8. 0-0-0 b5 9. e5 dxe5 10. dxe5 Qxd2+ 11. Rxd2 b4 12. Nd5 Nxd5 13. Rxd5 Nd8 14. Bc4 Nb7 15. Rd2 a5 16. Rhd1 a4 17. Kb1 Na5 18. Be2 b3 19. g4 Bb7 20. Bc5 bxc2+ 21. Kxc2 Rfe8 22. Rd7 Be4+ 23. Kc1 Nc6 24. Ng5 Bh6 25. Be3 Bxg5 26. Bxg5 Nxe5 27. Rxe7 Kg7 28. Rxe8 Rxe8 29. Be3 Bc6 30. Bd4 f6 31. Bc3 h6 32. f4 Nf7 33. Bc4 g5 34. Rf1 gxf4 35. Rxf4 Ne5 36. Be2 Bg2 37. h4 Kg6 38. Rxa4 Bc6 39. Rf4 Nd7 1-0

[Event "Olympiad-36"]
[Site "Mallorca"]
[Date "2004.10.20"]
[Round "6"]
[White "Evans Quek, Suan Shiau"]
[Black "Nsubuga, Grace Daniel"]
[Result "1-0"]
[WhiteElo "2293"]
[BlackElo "2217"]
[PlyCount "69"]
[EventDate "2004.10.15"]
[EventType "team-swiss"]
[EventRounds "14"]
[EventCountry "ESP"]
[SourceTitle "CBM 104"]
[Source "ChessBase"]
[SourceDate "2005.01.27"]
[SourceVersion "1"]
[SourceVersionDate "2005.01.27"]
[SourceQuality "1"]
[WhiteTeam "Wales"]
[BlackTeam "Uganda"]
[WhiteTeamCountry "WLS"]
[BlackTeamCountry "UGA"]

1. g3 d5 2. Bg2 Nf6 3. d3 c6 4. f4 h5 5. Nf3 a5 6. 0-0 Na6 7. Qe1 Nc5 8. Kh1 Bg4 9. h3 Bf5 10. Nh4 Bd7 11. e4 dxe4 12. dxe4 e6 13. Nc3 Be7 14. Be3 a4 15. a3 Bc8 16. Qf2 Qa5 17. Bd4 0-0 18. Rae1 Nfd7 19. Nf3 Qc7 20. Nd2 e5 21. Be3 exf4 22. gxf4 Qb6 23. Rb1 Qa5 24. Rg1 Ne6 25. Bf1 Bc5 26. f5 Qa7 27. Re1 Nc7 28. Qg3 Ne8 29. e5 Bd4 30. e6 fxe6 31. fxe6 h4 32. Qg5 Bxe3 33. Rxe3 Nb6 34. Bd3 Rf6 35. Bg6 1-0

[Event "WLS-ch 50th"]
[Site "Cardiff"]
[Date "2004.04.12"]
[Round "7"]
[White "Evans Quek, Suan Shiau"]
[Black "Jones, Iolo Cerredig"]
[Result "1/2-1/2"]
[WhiteElo "2261"]
[BlackElo "2289"]
[PlyCount "25"]
[EventDate "2004.04.09"]
[EventType "swiss"]
[EventRounds "7"]
[EventCountry "WLS"]
[SourceTitle "EXT 2006"]
[Source "ChessBase"]
[SourceDate "2005.11.24"]
[SourceVersion "1"]
[SourceVersionDate "2005.11.24"]
[SourceQuality "1"]

1. g3 d5 2. Bg2 Nf6 3. d3 e5 4. Nd2 c6 5. e4 dxe4 6. dxe4 Bg4 7. Ngf3 Nbd7 8. h3 Bh5 9. 0-0 Qc7 10. Qe1 Be7 11. b3 0-0-0 12. a3 Ne8 13. Nc4 1/2-1/2

[Event "WLS-ch 50th"]
[Site "Cardiff"]
[Date "2004.04.12"]
[Round "6"]
[White "Morris, Charles F"]
[Black "Evans Quek, Suan Shiau"]
[Result "0-1"]
[WhiteElo "2225"]
[BlackElo "2261"]
[PlyCount "108"]
[EventDate "2004.04.09"]
[EventType "swiss"]
[EventRounds "7"]
[EventCountry "WLS"]
[SourceTitle "EXT 2006"]
[Source "ChessBase"]
[SourceDate "2005.11.24"]
[SourceVersion "1"]
[SourceVersionDate "2005.11.24"]
[SourceQuality "1"]

1. c4 g6 2. g3 Bg7 3. Bg2 d6 4. Nc3 Nf6 5. d4 0-0 6. Nf3 Nc6 7. d5 Na5 8. Nd2 c5 9. Qc2 Rb8 10. 0-0 a6 11. b3 Bf5 12. e4 Bd7 13. Bb2 b5 14. Rae1 bxc4 15. bxc4 Ng4 16. Nd1 Ba4 17. Qxa4 Bxb2 18. Nxb2 Rxb2 19. Nb3 Nxb3 20. axb3 Qb6 21. Rb1 Rxb1 22. Rxb1 Rb8 23. Bf1 Nf6 24. Bd3 Qb4 25. Qa1 Ng4 26. h3 Ne5 27. Be2 a5 28. f4 Nd7 29. e5 Qd2 30. Bg4 Qe3+ 31. Kg2 Nf8 32. exd6 exd6 33. Re1 Qxb3 34. Qf6 Qxc4 35. Bf3 Qb4 36. Re2 a4 37. g4 Qd4 38. Qxd6 Rb2 39. Qe5 a3 40. Qxd4 cxd4 41. Rxb2 axb2 42. Be4 Nd7 43. d6 Kf8 44. Kf3 Nc5 45. Bb1 Ke8 46. Ke2 Kd7 47. Kd2 Kxd6 48. Kc2 Ne6 49. f5 gxf5 50. gxf5 Nf4 51. h4 Ke5 52. Kxb2 f6 53. Kc1 h5 54. Kd2 Ng2 0-1

[Event "WLS-ch 50th"]
[Site "Cardiff"]
[Date "2004.04.11"]
[Round "4"]
[White "Evans Quek, Suan Shiau"]
[Black "Jones, Richard S"]
[Result "1-0"]
[WhiteElo "2261"]
[BlackElo "2274"]
[PlyCount "69"]
[EventDate "2004.04.09"]
[EventType "swiss"]
[EventRounds "7"]
[EventCountry "WLS"]
[SourceTitle "EXT 2006"]
[Source "ChessBase"]
[SourceDate "2005.11.24"]
[SourceVersion "1"]
[SourceVersionDate "2005.11.24"]
[SourceQuality "1"]

1. Nf3 Nf6 2. d4 g6 3. c4 Bg7 4. Nc3 0-0 5. e4 d6 6. Be2 e5 7. 0-0 Na6 8. Re1 c6 9. d5 Nc5 10. Bf1 a5 11. b3 Ne8 12. Be3 Na6 13. dxc6 bxc6 14. c5 Bb7 15. cxd6 Qxd6 16. Qc1 Nec7 17. Rd1 Qe7 18. Bg5 f6 19. Be3 Rfd8 20. Na4 Bf8 21. Rxd8 Rxd8 22. Bb6 Rd7 23. Bxa5 Qa3 24. Qc2 Nb5 25. Bc4+ Kg7 26. Qe2 Nac7 27. g4 Qe7 28. Nb6 Nd4 29. Nxd4 Rxd4 30. Bc3 Rd8 31. g5 Kh8 32. gxf6 Qxf6 33. Rd1 Rxd1+ 34. Qxd1 Bc5 35. Qd8+ 1-0

[Event "Oxford Uni-Wales"]
[Site "Oxford"]
[Date "2004.02.15"]
[Round "?.3"]
[White "Evans Quek, Suan Shiau"]
[Black "Ozeren, Kemal"]
[Result "0-1"]
[WhiteElo "2261"]
[BlackElo "2226"]
[PlyCount "66"]
[EventDate "2004.02.15"]
[EventType "team"]
[EventRounds "1"]
[EventCountry "ENG"]
[SourceTitle "EXT 2005"]
[Source "ChessBase"]
[SourceDate "2004.11.15"]
[SourceVersion "1"]
[SourceVersionDate "2004.11.15"]
[SourceQuality "1"]

1. g3 d5 2. Bg2 Nf6 3. d3 c6 4. f4 Qb6 5. c3 Bf5 6. Nf3 Nbd7 7. Na3 e6 8. Nc2 Bd6 9. Rb1 0-0 10. Be3 Qc7 11. 0-0 Rfe8 12. Kh1 h6 13. Bg1 Bh7 14. Nh4 e5 15. f5 e4 16. d4 Ng4 17. Qe1 Ndf6 18. Bh3 e3 19. Rf3 Nf2+ 20. Kg2 Nxh3 21. Kxh3 Ne4 22. Bxe3 Ng5+ 23. Bxg5 hxg5 24. Ng2 g6 25. Qd2 Qe7 26. Nge3 gxf5 27. Rxf5 Bxf5+ 28. Nxf5 g4+ 29. Kxg4 Qe4+ 30. Kg5 f6+ 31. Kg6 Qg4+ 32. Kxf6 Rf8+ 33. Ke6 Qg6+ 0-1

[Event "South Wales Winter op"]
[Site "Newport"]
[Date "2004.01.13"]
[Round "7"]
[White "Stanford, Maxim Barth"]
[Black "Evans Quek, Suan Shiau"]
[Result "1-0"]
[WhiteElo "2331"]
[BlackElo "2261"]
[PlyCount "135"]
[EventDate "2004.01.07"]
[EventType "swiss"]
[EventRounds "9"]
[EventCountry "WLS"]
[SourceTitle "CBM 098 Extra"]
[Source "ChessBase"]
[SourceDate "2004.03.10"]
[SourceVersion "2"]
[SourceVersionDate "2004.03.10"]
[SourceQuality "1"]

1. c4 d6 2. d4 e5 3. dxe5 dxe5 4. Qxd8+ Kxd8 5. Nc3 Be6 6. Nf3 f6 7. e3 Nd7 8. Be2 Nb6 9. b3 a5 10. 0-0 a4 11. Rd1+ Kc8 12. Bd2 Bb4 13. Nd5 Bxd2 14. Nxb6+ cxb6 15. Nxd2 axb3 16. axb3 Rxa1 17. Rxa1 Kb8 18. Ne4 Ne7 19. Rd1 Nc8 20. Nc3 Re8 21. f4 exf4 22. exf4 Bf5 23. Kf2 Ne7 24. Bf3 Be6 25. Nb5 Nc8 26. g4 Na7 27. Nxa7 Kxa7 28. Re1 Kb8 29. Bd5 Bd7 30. Rxe8+ Bxe8 31. b4 Kc7 32. Ke3 Bd7 33. g5 fxg5 34. fxg5 Bc8 35. Kd4 Kd6 36. h4 h6 37. Ke4 Bh3 38. Kd4 Bc8 39. Bg2 hxg5 40. hxg5 Kc7 41. Ke5 Bd7 42. Be4 Bg4 43. Bd3 Bh3 44. Bf5 Bf1 45. Be6 Be2 46. Bd5 Bg4 47. Kf4 Bd7 48. Ke4 Bc8 49. Ke5 Bh3 50. Be4 Bg4 51. Bf5 Be2 52. Kd5 Bf1 53. Ke6 Bxc4+ 54. Ke7 Be2 55. Be4 b5 56. Kf7 Kd6 57. Kxg7 Ke5 58. Bxb7 Bd3 59. Bc8 Be2 60. Bd7 Bd3 61. Be8 Kd4 62. Kf6 Kc4 63. Bd7 Kxb4 64. Bf5 Bc4 65. g6 Kc5 66. Be6 Bd3 67. g7 Bh7 68. Kg5 1-0

[Event "BCF-chT 0203 (4NCL)"]
[Site "West Bromwich"]
[Date "2003.05.03"]
[Round "9.7"]
[White "Ponter, Ian"]
[Black "Evans Quek, Suan Shiau"]
[Result "0-1"]
[WhiteElo "2103"]
[BlackElo "2270"]
[PlyCount "68"]
[EventDate "2002.11.??"]
[EventType "team"]
[EventRounds "11"]
[EventCountry "ENG"]
[SourceTitle "EXT 2004"]
[Source "ChessBase"]
[SourceDate "2003.11.25"]
[SourceVersion "1"]
[SourceVersionDate "2003.11.25"]
[SourceQuality "1"]
[WhiteTeam "Bristol"]
[BlackTeam "SW Dragons"]
[WhiteTeamCountry "ENG"]
[BlackTeamCountry "ENG"]

1. e4 d6 2. d4 g6 3. Nc3 Bg7 4. Nf3 a6 5. a4 Nd7 6. Be3 e5 7. dxe5 Nxe5 8. Nxe5 Bxe5 9. Bd4 Be6 10. Be2 Qh4 11. g3 Qf6 12. Bxe5 Qxe5 13. f4 Qc5 14. Qd3 Ne7 15. 0-0-0 Nc6 16. Nd5 0-0-0 17. Rhe1 Nb4 18. Nxb4 Qxb4 19. Qd4 Qa5 20. Bf3 c5 21. Qf6 Qxa4 22. f5 Qa1+ 23. Kd2 Qa5+ 24. Kc1 Bd7 25. Qxf7 Qa1+ 26. Kd2 Qxb2 27. Rb1 Qd4+ 28. Kc1 Qc3 29. Rf1 Bb5 30. e5 Rd7 31. Qf6 Re8 32. fxg6 Qe3+ 33. Kb2 Bxf1 34. Bg4 Qd4+ 0-1

[Event "West Wales op"]
[Site "Swansea"]
[Date "2002.10.13"]
[Round "5"]
[White "Evans Quek, Suan Shiau"]
[Black "Jones, Iolo Cerredig"]
[Result "1-0"]
[WhiteElo "2267"]
[BlackElo "2277"]
[PlyCount "77"]
[EventDate "2002.10.??"]
[EventType "swiss"]
[EventRounds "5"]
[EventCountry "WLS"]
[SourceTitle "EXT 2004"]
[Source "ChessBase"]
[SourceDate "2003.11.25"]
[SourceVersion "1"]
[SourceVersionDate "2003.11.25"]
[SourceQuality "1"]

1. g3 d5 2. Bg2 e5 3. d3 Nf6 4. Nf3 Nc6 5. Bg5 Be7 6. Nc3 d4 7. Nb1 Be6 8. c3 h6 9. Bxf6 Bxf6 10. Nbd2 0-0 11. 0-0 Qd7 12. Ne4 Be7 13. b4 dxc3 14. b5 Nd4 15. Nxc3 Nxb5 16. Nxe5 Qd4 17. Nxb5 Qxe5 18. a4 c6 19. d4 Qb8 20. Nc3 Rd8 21. Rb1 Qc7 22. Qc2 Bf6 23. e3 Rd7 24. Ne4 Be7 25. Nc5 Bxc5 26. Qxc5 Qd8 27. a5 Bd5 28. e4 Be6 29. Rfd1 a6 30. f4 Qe7 31. Qxe7 Rxe7 32. d5 cxd5 33. exd5 Bg4 34. Rd2 Rd8 35. d6 Re3 36. Rxb7 Ra3 37. Bd5 Be6 38. f5 Rxd6 39. Rb8+ 1-0

[Event "West Wales op"]
[Site "Swansea"]
[Date "2002.10.12"]
[Round "3"]
[White "Evans Quek, Suan Shiau"]
[Black "May, Adam John"]
[Result "1-0"]
[WhiteElo "2267"]
[BlackElo "1890"]
[PlyCount "53"]
[EventDate "2002.10.??"]
[EventType "swiss"]
[EventRounds "5"]
[EventCountry "WLS"]
[SourceTitle "EXT 2004"]
[Source "ChessBase"]
[SourceDate "2003.11.25"]
[SourceVersion "1"]
[SourceVersionDate "2003.11.25"]
[SourceQuality "1"]

1. g3 g6 2. e4 Bg7 3. d4 d6 4. Nc3 Nf6 5. Bg2 0-0 6. Nge2 Nbd7 7. 0-0 e5 8. Kh1 Re8 9. d5 a5 10. h3 Nc5 11. Be3 b6 12. a3 a4 13. b4 axb3 14. cxb3 Nh5 15. b4 Na6 16. Ng1 Rf8 17. Bf3 Nf6 18. Be2 Nd7 19. Qd2 f5 20. exf5 gxf5 21. f4 Qf6 22. Rac1 Bb7 23. Nf3 Rae8 24. Bb5 Re7 25. fxe5 Nxe5 26. Bg5 Qf7 27. Nh4 1-0

[Event "BCF-chT3 0102 (4NCL)"]
[Site "Birmingham"]
[Date "2002.05.06"]
[Round "11.1"]
[White "Evans Quek, Suan Shiau"]
[Black "Trevelyan, John"]
[Result "1-0"]
[WhiteElo "2257"]
[BlackElo "2155"]
[PlyCount "51"]
[EventDate "2001.09.??"]
[EventType "team"]
[EventRounds "11"]
[EventCountry "ENG"]
[SourceTitle "EXT 2003"]
[Source "ChessBase"]
[SourceDate "2002.11.25"]
[SourceVersion "1"]
[SourceVersionDate "2002.11.25"]
[SourceQuality "1"]
[WhiteTeam "Nidum Knights"]
[BlackTeam "SW Dragons II"]
[WhiteTeamCountry "ENG"]
[BlackTeamCountry "ENG"]

1. g3 g6 2. Bg2 Bg7 3. d3 d5 4. Nf3 Nf6 5. 0-0 0-0 6. Nbd2 c5 7. e4 Nc6 8. exd5 Nxd5 9. Re1 b6 10. Nb3 Bb7 11. a4 Qd7 12. a5 Rad8 13. Nfd2 e5 14. Nc4 Qc7 15. Bg5 f6 16. Bd2 Rfe8 17. Qc1 Nd4 18. axb6 axb6 19. Nxd4 cxd4 20. c3 b5 21. Na3 Qb6 22. c4 bxc4 23. Nxc4 Qc6 24. Ra7 Bf8 25. Na5 Qxc1 26. Rxc1 1-0

[Event "BCF-chT3 0102 (4NCL)"]
[Site "Birmingham"]
[Date "2002.05.04"]
[Round "9.3"]
[White "Evans Quek, Suan Shiau"]
[Black "Van Kemenade, Rudy"]
[Result "1-0"]
[WhiteElo "2257"]
[BlackElo "1992"]
[PlyCount "51"]
[EventDate "2001.09.??"]
[EventType "team"]
[EventRounds "11"]
[EventCountry "ENG"]
[SourceTitle "EXT 2003"]
[Source "ChessBase"]
[SourceDate "2002.11.25"]
[SourceVersion "1"]
[SourceVersionDate "2002.11.25"]
[SourceQuality "1"]
[WhiteTeam "Nidum Knights"]
[BlackTeam "White Rose II"]
[WhiteTeamCountry "ENG"]
[BlackTeamCountry "ENG"]

1. g3 g6 2. Bg2 Bg7 3. Nf3 f5 4. d3 e5 5. Bg5 Ne7 6. Nc3 c6 7. e4 h6 8. Bd2 0-0 9. Qe2 d6 10. Nd1 Nd7 11. c4 Nc5 12. b4 Nxd3+ 13. Qxd3 fxe4 14. Qxe4 d5 15. Qb1 e4 16. Ng1 Bf5 17. Qc1 d4 18. Bxh6 e3 19. Bxg7 Kxg7 20. fxe3 dxe3 21. Nxe3 Bd3 22. Qc3+ Kg8 23. 0-0-0 Qb6 24. Rxd3 Rf2 25. Qb3 Qa6 26. a3 1-0

[Event "South Wales Winter op"]
[Site "Newport"]
[Date "2002.01.05"]
[Round "2.7"]
[White "Cadden, Gordon"]
[Black "Evans Quek, Suan Shiau"]
[Result "0-1"]
[WhiteElo "1808"]
[BlackElo "2160"]
[PlyCount "82"]
[EventDate "2002.01.04"]
[EventType "swiss"]
[EventRounds "5"]
[EventCountry "WLS"]
[SourceTitle "EXT 2004"]
[Source "ChessBase"]
[SourceDate "2003.11.25"]
[SourceVersion "1"]
[SourceVersionDate "2003.11.25"]
[SourceQuality "1"]

1. e4 g6 2. Nf3 Bg7 3. d4 d6 4. Be3 a6 5. Bd3 Nc6 6. c3 e5 7. Nbd2 Nh6 8. h3 0-0 9. g4 exd4 10. cxd4 Kh8 11. Qe2 Nb4 12. Bb1 c5 13. a3 Nc6 14. d5 Ne7 15. 0-0 Qc7 16. Ba2 f5 17. exf5 gxf5 18. g5 Nhg8 19. Bf4 Ng6 20. Bh2 f4 21. h4 Bg4 22. Qd3 Bxb2 23. Rae1 Bg7 24. Bb1 b5 25. Re6 c4 26. Qe4 Bf5 27. Qe2 Bxe6 28. dxe6 d5 29. h5 Ne5 30. h6 Ng6 31. hxg7+ Qxg7 32. Re1 N8e7 33. Qf1 Rac8 34. Qe2 a5 35. Bc2 Qb2 36. Bxg6 Nxg6 37. Ne5 Ne7 38. Nf7+ Kg7 39. Qe5+ Qxe5 40. Rxe5 b4 41. axb4 axb4 0-1

[Event "South Wales Winter op"]
[Site "Newport"]
[Date "2002.01.05"]
[Round "3.4"]
[White "Evans Quek, Suan Shiau"]
[Black "Purry, Chris S"]
[Result "1-0"]
[WhiteElo "2160"]
[BlackElo "1840"]
[PlyCount "85"]
[EventDate "2002.01.04"]
[EventType "swiss"]
[EventRounds "5"]
[EventCountry "WLS"]
[SourceTitle "EXT 2004"]
[Source "ChessBase"]
[SourceDate "2003.11.25"]
[SourceVersion "1"]
[SourceVersionDate "2003.11.25"]
[SourceQuality "1"]

1. d4 d5 2. Nf3 e6 3. g3 c5 4. c3 Nc6 5. Bg2 Nf6 6. 0-0 Be7 7. a3 0-0 8. Bg5 Qb6 9. Ra2 h6 10. Bf4 Bd7 11. h3 Rac8 12. g4 cxd4 13. cxd4 Ne4 14. Be3 Na5 15. Ne5 Nf6 16. Nd2 Bb5 17. b4 Nc4 18. a4 Nxd2 19. Qxd2 Bc4 20. Rb2 Qa6 21. Ra1 b6 22. Bxh6 gxh6 23. Qxh6 Nh7 24. h4 Bb5 25. g5 Be8 26. e4 Qb7 27. exd5 exd5 28. Bh3 Rc6 29. Nxc6 Qxc6 30. Qxc6 Bxc6 31. b5 Bb7 32. Rc2 Bd6 33. a5 Re8 34. a6 Ba8 35. Bf5 Bf4 36. Ra3 Nf8 37. Rac3 Re1+ 38. Kg2 Rb1 39. Rc8 Rxb5 40. Rxa8 Ra5 41. Rxa7 Kg7 42. Rc6 Ra2 43. g6 1-0

[Event "BCF-chT3a 0001 (4NCL)"]
[Site "Birmingham"]
[Date "2001.01.27"]
[Round "5.2"]
[White "Punnett, Alan Kenneth"]
[Black "Evans Quek, Suan Shiau"]
[Result "0-1"]
[WhiteElo "2143"]
[BlackElo "2249"]
[PlyCount "186"]
[EventDate "2000.11.26"]
[EventType "team-tourn"]
[EventRounds "7"]
[EventCountry "ENG"]
[SourceTitle "EXT 2002"]
[Source "ChessBase"]
[SourceDate "2001.11.25"]
[SourceVersion "1"]
[SourceVersionDate "2001.11.25"]
[SourceQuality "1"]
[WhiteTeam "Guildford III"]
[BlackTeam "Gwent Dragons"]
[WhiteTeamCountry "ENG"]
[BlackTeamCountry "ENG"]

1. d4 d5 2. Nf3 Nf6 3. g3 c6 4. Bg2 h6 5. 0-0 Bf5 6. c4 e6 7. Qb3 Qb6 8. Qxb6 axb6 9. Nc3 Bb4 10. Nd2 0-0 11. f3 Bg6 12. e4 Rd8 13. cxd5 Bxc3 14. bxc3 cxd5 15. Re1 b5 16. Rb1 Rxa2 17. Rxb5 Rc2 18. Nb1 dxe4 19. Rxb7 exf3 20. Bxf3 Nbd7 21. Ba3 Rb8 22. Rxb8+ Nxb8 23. Bb4 Na6 24. Bd6 Ne8 25. Bf4 Nec7 26. Bd1 Rb2 27. Na3 Nd5 28. Bc1 Rb8 29. Be2 Nac7 30. c4 Nb4 31. Bf4 Rc8 32. Rd1 Be4 33. Bd6 Nc6 34. Kf2 Ne8 35. Nb5 Rd8 36. Bc5 Ra8 37. Ke3 f5 38. Rd2 Rc8 39. Rb2 e5 40. d5 Na5 41. d6 Nf6 42. Nc7 g5 43. Bb6 f4+ 44. gxf4 gxf4+ 45. Kf2 Nb7 46. c5 Rb8 47. Ba7 Rf8 48. Ne6 Ra8 49. Bb6 Ra6 50. Nd8 Bd5 51. Nxb7 Bxb7 52. Bc4+ Kh7 53. Ra2 Rxa2+ 54. Bxa2 Bc6 55. Be6 Kg6 56. Bd8 Ne4+ 57. Ke1 Nxc5 58. Bh3 e4 59. Bb6 Nd3+ 60. Ke2 Ne5 61. Bd4 Bb5+ 62. Kd1 Nf3 63. Bc3 e3 64. d7 e2+ 65. Kc1 Bxd7 66. Bxd7 e1Q+ 67. Bxe1 Nxe1 68. Kd1 Nf3 69. h3 Ne5 70. Bc8 Kf6 71. Ke2 Kg5 72. Kf2 Nd3+ 73. Kf3 Ne5+ 74. Kf2 h5 75. Be6 Kf6 76. Bc8 Ke7 77. Ba6 Ke6 78. Bc8+ Kd5 79. Bf5 Kd4 80. Bh7 Kd5 81. Bf5 Kd6 82. Bh7 Ke6 83. Be4 Kf6 84. Bh7 Nf7 85. Bd3 Ng5 86. Kg2 h4 87. Ba6 Ke5 88. Bc8 f3+ 89. Kf2 Kf4 90. Bd7 Ne4+ 91. Kf1 Kg3 92. Bb5 Ng5 93. Bd7 Nxh3 0-1

[Event "BCF-chT2 9900 (4NCL)"]
[Site "Birmingham"]
[Date "2000.04.29"]
[Round "9.2"]
[White "Fish, Andrew"]
[Black "Evans Quek, Suan Shiau"]
[Result "0-1"]
[WhiteElo "2116"]
[BlackElo "2285"]
[PlyCount "72"]
[EventDate "1999.10.??"]
[EventType "team"]
[EventRounds "11"]
[EventCountry "ENG"]
[SourceTitle "EXT 2001"]
[Source "ChessBase"]
[SourceDate "2000.11.22"]
[SourceVersion "1"]
[SourceVersionDate "2000.11.22"]
[SourceQuality "1"]
[WhiteTeam "Nidum Knights"]
[BlackTeam "Gwent Dragons"]
[WhiteTeamCountry "ENG"]
[BlackTeamCountry "ENG"]

1. e4 c5 2. Nc3 Nc6 3. g3 e6 4. Bg2 Nf6 5. d3 Be7 6. Nf3 d6 7. 0-0 a6 8. Re1 e5 9. h3 b5 10. Be3 0-0 11. a4 b4 12. Nd5 Nxd5 13. exd5 Nd4 14. Nd2 Rb8 15. Nc4 a5 16. f4 f6 17. c3 Nf5 18. Bf2 Ba6 19. Qc2 Bxc4 20. dxc4 g6 21. g4 Ng7 22. f5 gxf5 23. gxf5 Qd7 24. Be4 bxc3 25. Qxc3 Nxf5 26. Qc2 Ng7 27. Bxh7+ Kh8 28. Be4 f5 29. Bg2 Qb7 30. Re2 Bg5 31. Ra3 Nh5 32. h4 Bh6 33. Be1 Nf4 34. Rf2 Qg7 35. Kh2 Qg4 36. Bxa5 Rg8 0-1

[Event "Canadian op"]
[Site "Edmunston"]
[Date "1990.07.02"]
[Round "5"]
[White "Evans Quek, Suan Shiau"]
[Black "Brodie, Hugh"]
[Result "1/2-1/2"]
[WhiteElo "2195"]
[BlackElo "1958"]
[PlyCount "84"]
[EventDate "1990.06.29"]
[EventType "swiss"]
[EventRounds "10"]
[EventCountry "CAN"]
[SourceTitle "EXT 2022"]
[Source "ChessBase"]
[SourceDate "2021.10.06"]
[SourceVersion "1"]
[SourceVersionDate "2021.10.06"]
[SourceQuality "1"]

1. e4 c5 2. Nf3 Nc6 3. Nc3 g6 4. Bc4 Bg7 5. 0-0 d6 6. h3 Nf6 7. Re1 0-0 8. e5 dxe5 9. Nxe5 Nxe5 10. Rxe5 b6 11. Qe1 e6 12. d3 Bb7 13. Re2 Qd6 14. a4 Qc6 15. f3 Nh5 16. Rb1 Bd4+ 17. Be3 Bg7 18. Qh4 Bf6 19. Bg5 Bd4+ 20. Kh1 Qc7 21. f4 a6 22. Ne4 Kg7 23. Ng3 Nxg3+ 24. Qxg3 Rfe8 25. Qh4 Kg8 26. Bf6 Bxf6 27. Qxf6 Qe7 28. Qe5 Qh4 29. Rbe1 Qxh3+ 30. Kg1 Qf5 31. Qc7 Bd5 32. Re5 Qxf4 33. Bxd5 Qd4+ 34. Kf1 Rec8 35. Qb7 exd5 36. Rxd5 Qh4 37. Rde5 Rab8 38. Qd5 Rd8 39. Qb3 Qf4+ 40. Kg1 Qd4+ 41. Kh1 Qh4+ 42. Kg1 Qd4+ 1/2-1/2